Guide to Supply Chain Management
Enregistré dans:
| Auteur principal: | |
|---|---|
| Format: | Livre |
| Langue: | anglais |
| Publié: |
New York
Bloomberg Press
2009
|
| Sujets: | |
| Tags: |
Pas de tags, Soyez le premier à ajouter un tag!
|
MARC
| LEADER | 00000nam a2200000 4500 | ||
|---|---|---|---|
| 001 | 0283139 | ||
| 005 | 20240416113606.9 | ||
| 020 | |a 978-1-57660-345-1 | ||
| 041 | 0 | |a eng | |
| 044 | |a US | ||
| 245 | 1 | 0 | |a Guide to Supply Chain Management |c David Jacoby |
| 264 | 1 | |a New York |b Bloomberg Press |c 2009 | |
| 300 | |a x, 262 s. | ||
| 610 | 2 | 0 | |a manažment logistický |
| 610 | 2 | 0 | |a riadenie reťazcov dodávateľských |
| 610 | 2 | 0 | |a konkurencia |
| 610 | 2 | 0 | |a inovácie technologické |
| 610 | 2 | 0 | |a reťazce dodávateľsko-odberateľské |
| 610 | 2 | 0 | |a reťazce logistické |
| 610 | 2 | 0 | |a reťazce obchodné |
| 610 | 2 | 0 | |a reťazce distribučné |
| 610 | 2 | 0 | |a logistika obchodná |
| 610 | 2 | 0 | |a logistika podniková |
| 610 | 2 | 0 | |a zásobovanie |
| 610 | 2 | 0 | |a hospodárstvo skladové |
| 610 | 2 | 0 | |a riadenie zásob |
| 100 | 1 | |a Jacoby, David | |